අතන මෙතන

Athana methana
Saved in:
Bibliographic Details
Main Author: අදිකාරි, ලයනල්
Format: Book
Published: [තැ . නො]: කර්තෘ, 1992.
Tags: Add Tag
No Tags, Be the first to tag this record!

MARC

LEADER 00000nam a2200000 4500
003 LK-CoNLD
005 20260324085756.0
008 221228b |||||||| |||| 00| 0 ||| d
015 |2 slnb  |a slnb199301 
017 |a 241603  |b LK-CoDNA 
040 |a LK-CoNLD  |b SIN  |c LK-CoNLD  |d LK-CoNLD 
082 |2 23  |q LK-CoNLD 
100 |a අදිකාරි, ලයනල්  |9 59604 
245 |6 880-1  |a අතන මෙතන  |c / ලයනල් අදිකාරි. 
260 |a [තැ . නො]:  |b කර්තෘ,  |c 1992. 
300 |a පි. 56;  |c සෙ.මී. 19.  |b කබැ-බෝක : රු. 45.00 
500 |a Koha දත්ත පදනමට ඇතුළත් කර නොතිබූ පැරණි නීතිමය තැන්පතු ප්‍රකාශන. 
880 |6 245-1  |a Athana methana 
942 |c BOOK 
999 |c 264285  |d 264285 
945 |c 21990  |d Sachini DHANANJANI